Schaum's outline of theory & problems of statistics (Record no. 7840)

000 -LEADER
fixed length control field 00549nam a2200205 4500
001 - CONTROL NUMBER
control field 7840
003 - CONTROL NUMBER IDENTIFIER
control field BD-DhUET
008 - FIXED-LENGTH DATA ELEMENTS--GENERAL INFORMATION
fixed length control field 141213b/xxu||||| |||| 00| 0 eng d
020 ## - INTERNATIONAL STANDARD BOOK NUMBER
International Standard Book Number 070602271
040 ## - CATALOGING SOURCE
Original cataloging agency DLC
Language of cataloging DLC
Transcribing agency BD-DhUET
082 ## - DEWEY DECIMAL CLASSIFICATION NUMBER
Classification number 519.9
Item number SPI/1961
100 ## - MAIN ENTRY--PERSONAL NAME
Personal name Spiegel , Murray R
245 ## - TITLE STATEMENT
Title Schaum's outline of theory & problems of statistics
250 ## - EDITION STATEMENT
Edition statement 1st ed.
260 ## - PUBLICATION, DISTRIBUTION, ETC. (IMPRINT)
Place of publication, distribution, etc. Singapore
Name of publisher, distributor, etc. McGraw Hill
Date of publication, distribution, etc. 1961
300 ## - PHYSICAL DESCRIPTION
Extent 359 p.
Other physical details ill.
Dimensions 27 cm.
490 ## - SERIES STATEMENT
Series statement Schaum's Outline Series
650 #0 - SUBJECT ADDED ENTRY--TOPICAL TERM
Topical term or geographic name as entry element Statistical mathematics
942 ## - ADDED ENTRY ELEMENTS (KOHA)
Koha item type General Book
Holdings
Date acquired Shelving location Koha date last borrowed Piece designation (barcode) Koha normalized classification for sorting Koha item type Koha full call number Price effective from Sublocation or collection (holding branch) Lost status Koha date last seen Source of classification or shelving scheme Withdrawn status Koha issues (times borrowed) Damaged status Not for loan Copy number Location (home branch)
2014-12-13Circulation section 25219519_900000000000000_SPI_1961General Book519.9/SPI/19612014-12-13Central Library, BUET 2015-08-22     1Central Library, BUET
2014-12-13Circulation section 66184519_900000000000000_SPI_1961General Book519.9/SPI/19612014-12-13Central Library, BUET 2017-02-06     2Central Library, BUET
2014-12-13Circulation section 345519_900000000000000_SPI_1961General Book519.9/SPI/19612014-12-13Central Library, BUET 2014-12-13     3Central Library, BUET
2014-12-13Circulation section2015-08-0156483519_900000000000000_SPI_1961General Book519.9/SPI/19612014-12-13Central Library, BUET 2015-08-01  1  5Central Library, BUET
2014-12-13Circulation section 31847519_900000000000000_SPI_1961General Book519.9/SPI/19612014-12-13Central Library, BUET 2014-12-13     6Central Library, BUET
2014-12-13Circulation section 31828519_900000000000000_SPI_1961General Book519.9/SPI/19612014-12-13Central Library, BUET 2014-12-13     7Central Library, BUET
2014-12-13Circulation section 31843519_900000000000000_SPI_1961General Book519.9/SPI/19612014-12-13Central Library, BUET 2014-12-13     8Central Library, BUET